000 00559nam a22002057a 4500
003 NUST - PNEC
005 20170116180838.0
008 150812b xxu||||| |||| 00| 0 eng d
020 _a8122422368
020 _a9788122422365
040 _cLIBRARY
082 _a670.285 RAD
100 _95158
_aRadhakrishnan, P.
245 _aCAD/CAM/CIM
_cP. Radhakrishnan
250 _a3rd ed.
260 _aNew Delhi:
_bNew Age International,
_cc2008.
300 _a673 p. :
_c24 cm.
650 _95159
_aChemical engineering technology
_xEE, EL,ME
942 _2ddc
_cBK
999 _c64305
_d64305